| 000 | 00586 a2200217 4500 | ||
|---|---|---|---|
| 001 | 139456 | ||
| 003 | OSt | ||
| 005 | 20251210162707.0 | ||
| 008 | |||
| 020 | _a9780333738955 | ||
| 082 |
_a809.387221 _bC46P |
||
| 245 | 1 |
_aThe post-colonial detective _cedited by Ed Christian |
|
| 260 |
_aNew York _bPalgrave Macmillan _c2001 |
||
| 300 | _a209p. | ||
| 546 | _aenglish | ||
| 650 | _aEnglish | ||
| 653 | _aPostcolonialism; Developing countries; Detective and mystery stories | ||
| 690 | _a | ||
| 700 | _aChristian, Ed, Ed. | ||
| 942 |
_2ddc _cBK |
||
| 999 |
_c12123 _d12123 |
||